| 000 | 01586nam a22002897a 4500 | ||
|---|---|---|---|
| 005 | 20180718145202.0 | ||
| 010 | _aHIN-87228 राष्ट्रपति-2 - B-691851 B-696778-793 MPLADS | ||
| 020 |
_a8188118915 _c200.00 |
||
| 020 |
_a9788189982522 _c400.00 |
||
| 035 | _aHN-59574 | ||
| 035 | _aB-691851 | ||
| 035 | _aB-696778-793 | ||
| 037 | _bDBAD / PUB | ||
| 037 | _bआर्य प्रकाशन मंडल | ||
| 082 | _a821.08 | ||
| 100 | _aमहेन्द्र | ||
| 245 |
_aकबीर की भाषा / _cमहेन्द्र |
||
| 260 |
_aदिल्ली _bआर्य प्रकाशन मंडल _c2011 |
||
| 270 |
_aIX/221, सरस्वती भंडार, गांधीनगर _b नई दिल्ली _e110031 |
||
| 300 |
_a312पृ. _c22सेमी(सजिल्द) |
||
| 500 | _a राष्ट्रपति-2 | ||
| 650 | _aऋग्वेद | ||
| 650 | _aRigveda | ||
| 942 |
_2ddc _cHN _mमहेन्द्र _h821.08 |
||
| 999 |
_c152153 _d152153 |
||